| 000 | 00601nam a2200217Ia 4500 | ||
|---|---|---|---|
| 003 | OSt | ||
| 005 | 20241204142338.0 | ||
| 008 | 210716s1993 xx 000 0 und d | ||
| 020 | _a9780345379665 | ||
| 040 | _cAIMIT LIBRARY | ||
| 041 | _aeng | ||
| 082 |
_a808.83 _21 _bCRIM |
||
| 100 |
_aCrichton, Michael. _9187623 |
||
| 245 |
_aTravels / _cBy Michael Crichton. |
||
| 250 | _a1st ed. | ||
| 260 |
_aNew York : _bBallantine books ; _c1993. |
||
| 300 |
_a377p. ; _bPB _c20cm. |
||
| 650 |
_aLondon Psychics _9187624 |
||
| 650 |
_aSeeing Headhunters _9187625 |
||
| 942 |
_2ddc _cBK _e1st ed. _k808.83 CRIM |
||
| 999 |
_c200028 _d200028 |
||